000
00304nam a22001457a 4500
008
221012b ||||| |||| 00| 0 eng d
020
_a
74600139
041
_a
eng
080
_a
61
082
_a
61 COW
100
_a
9
101
_a
INF
245
_a
EMERGENCY WAR SURGERY
_c
COWAN J
942
_2
udc
_c
BK
999
_c
58506
_d
58506